Kafka'yı kullanma kılavuzu (Record no. 730)

MARC details
000 -BAŞLIK
Sabit Uzunlukta Kontrol Alanı 00808na a2200265 4500
001 - KONTROL NUMARASI
Denetim Alanı 14268
003 - KONTROL NUMARASI IDENTIFIER
Denetim Alanı MIRAKIL
005 - SON İŞLEM TARİHİ VE ZAMANI
Denetim Alanı 20181213154759.0
008 - SABİT-BOY VERİ ELEMANLARI - GENEL BİLGİLER
Sabit Uzunlukta Kontrol Alanı 161028b tu 000 0
020 ## - ULUSLARARASI STANDART KİTAP NUMARASI
Uluslararası Standart Kitap Numarası 9759146576
040 ## - KATALOGLAMA KAYNAK
Orijinal Kataloglama Ajansı Milas
Kataloglama Dili tur
Metne Dönüştürmek Ajansı TR-AnCHP
041 ## - DİL KODU
Metin / Ses Parça Veya Ayrı Başlığın Dil Kodu tur
082 ## - DEWEY ONLU SINIFLANDIRMA NUMARASI
Sınıflandırma Numarası 809
Ürün Numarası T85k 2006
090 ## - SINIFLAMA NUMARASI
Sınıflama Numarası 809 T85k 2006
100 ## - ANA GİRİŞ - KİŞİSEL İSİM
Kişisel Ad Tuncay, Orhan
245 ## - BAŞLIK TABLOSU
Başlık Kafka'yı kullanma kılavuzu
Sorumluluk Tablosu, Vb Orhan Tuncay ; editör: Tarkan Tufan
260 ## - YAYIN, DAĞITIM, VB
Yayın, Dağıtım, Vb Yeri İstanbul
Yayıncı, Dağıtıcı, Vs Adı Nokta Kitap
Yayın, Dağıtım, Vb Tarihi 2006
300 ## - FİZİKSEL TANIM
Kapsam 125, [12] s.
Diğer Fiziksel Ayrıntıları fotoğ.
Boyutlar 20 sm.
504 ## - KAYNAKÇA VB NOT
Kaynakça Vb Notu Kaynakça var.
600 ## - KONU KATMA GİRİŞ - KURUMSAL ADI
Kişisel Ad Kafka, Franz
Bir Adıyla İlişkilendirilen Tarihler 1883-1924
Genel Alt Bölümü Edebi yapıtlar
Kronolojik Alt Bölümü Eleştiri ve değerlendirme
650 ## - KONU KATMA GİRİŞ - TOPİKAL DÖNEM
Topikal Süreli Veya Coğrafi Ad Giriş Elemanı Alman edebiyatı
Genel Alt Bölümü Eleştiri ve değerlendirme
650 ## - KONU KATMA GİRİŞ - TOPİKAL DÖNEM
Topikal Süreli Veya Coğrafi Ad Giriş Elemanı Edebiyat
Genel Alt Bölümü Eleştiri ve değerlendirme
700 ## - KATMA GİRİŞ - KİŞİSEL İSİM
Kişisel Ad Tufan, Tarkan
942 ## - EKLENDİ GİRİŞ ELEMANLARI (KOHA)
Sınıflandırma Veya Raf Düzeni Kaynak
Koha Öğesi Türü Books
999 ## - SİSTEM KONTROL NUMARALARI (KOHA)
Koha Biblionumber 730
Koha Biblioitemnumber 730
Holdings
Kalıcı Konum Mevcut Konum Edinme Tarihi Edinim Kaynak Toplam Check-Out'Lar Tam Çağrı Numarası Barkod Tarih Son Görülme İtibaren Geçerli Fiyatlar Koha Öğesi Türü
CHP Kütüphanesi CHP Kütüphanesi 08/25/2016 Bağış   809 T85k 2006 002090 08/25/2016 08/25/2016 Books